000 00946nas1a22002771i 4500
001 RU\NLR\BIBL_A\011558973
005 20260407172736.0
011 _a2587-960X
035 _a(NLR Aleph) 011558973
090 _a12271786
_c12271786
100 _a20171215a20179999|||y0rusy50 ca
101 0 _arus
102 _aRU
110 _aafuzz 0|y|
200 1 _aНаша кухня. Салаты и закуски
_fТолока
207 0 _a2017, № 1 (1) -
210 _aСмоленск
_cТолока
_d2017 -
517 1 _aСалаты и закуски
606 _aКулинария
_jПериодические издания
_xРецептура
_92080572
_3RU\NLR\AUTH\661256513
686 1 _aЛ997я54
712 0 2 _4570
_a"Толока", издательский дом
_cСмоленск
_3RU\NLR\AUTH\8810109547
_9719176
852 _jП11/6194
_aNLR
942 _cJOURNAL
980 _aRUSPER